000 00640nam a2200241 i 4500
001 C2-0122610
003 PPAK
005 20180727113831.0
008 970821s1994 my |||| ||||| | eng d
020 _a9679412504
040 _aPPAK
_beng
_cPPAK
_erda
082 0 4 _a428.6
_223
090 0 0 _a428.6
_bJEF
_dK
100 0 _aJeffrey Tinjom,
_eauthor
245 1 0 _aTales from Sabah
264 1 _aSelangor :
_bOscar Book International ,
_c1994
300 _a42 pages ;
_c18 cm
336 _2rdacontent
_atext
337 _2rdamedia
_aunmediated
338 _2rdacarrier
_avolume
650 1 0 _aReaders(Secondry) - Fiction
942 _ddc
_cB
999 _c35318
_d35318